Greek Logo Quiz Funny Logos 2 - Statistics

General Stats
  • This quiz has been taken 25 times
  • The average score is 19 of 25
Answer Stats
Picture Answer % Correct
Coca-Cola
100%
Coca-Cola
100%
Mastercard
100%
Red Bull
100%
Snickers
100%
Ups
100%
Walt Disney
100%
Apple
80%
Canon
80%
Fedex
80%
LG
80%
Pepsi
80%
Twitter
80%
Visa
80%
You Tube
80%
Facebook
60%
Good Year
60%
Heineken
60%
Jurassic Park
60%
Nikon
60%
Renault
60%
Skype
60%
300
40%
Google Talk
40%
Vimeo
40%
No matching quizzes found
Score Distribution
Percent of People with Each Score
Percentile by Number Answered
Your Score History
You have not taken this quiz